| 000 | 00668nam a2200229 a 4500 | ||
|---|---|---|---|
| 001 | 2354 | ||
| 003 | CDMR | ||
| 005 | 20260515062531.0 | ||
| 008 | 130130s1978||||||||||||||||||||||||||||d | ||
| 020 | _a8436800931 | ||
| 040 |
_aCDMR _bcat _cCDMR |
||
| 100 | 1 |
_aBenito, Ángel _9631 |
|
| 245 | 1 | 3 |
_aLa socialización del poder de informar _cÁngel Benito |
| 260 |
_aMadrid _c1978 _bPirámide |
||
| 300 | _a270 p. | ||
| 490 | 0 | _aMedios (Pirámide) | |
| 650 | 0 | 4 |
_94289 _aComunicació _xAspectes socials |
| 650 | 0 | 4 |
_93377 _aMitjans de comunicació de massa i llenguatge |
| 650 | 0 | 4 |
_94434 _aPoder (Ciències socials) |
| 650 | 0 | 4 |
_9388 _aComunicació humana |
| 942 |
_cMON _2udc |
||
| 999 |
_c2354 _d2354 |
||